000 00725nam a2200253 i 4500
003 DO-SdBNP
005 20230908091705.0
006 a||||er|||| 00| 0
007 ta
008 230906e2006 dr ||||| |||| 00| 0 spa d
040 _aDO-SdBNP
_bspa
_cBNPHU
_erda
041 _hspa
041 _hfren
082 4 _222
_bT436j
245 0 0 _aDamien Thierry Rouchès :
_bJuanita María Canahuate Camacho. /
264 _aSanto Domingo :
_b[sin editora],
_c2006
300 _a[8] páginas ;
_c22 cm
336 _2rdacontent
_atexto
_btxt
337 _2rdamedia
_asin mediación
_bn
338 _2rdacarrier
_avolumen
_bnc
590 _aInventario 2023 / MF
700 1 _aThierry Rouchès, Damien
_eautor
_984074
942 _2ddc
_cLF2
999 _c54645
_d54645